| 000 | 01552cam a2200313 i 4500 | ||
|---|---|---|---|
| 999 |
_c127937 _d127937 |
||
| 001 | 457922 | ||
| 003 | ARRUPE | ||
| 005 | 20180413102224.0 | ||
| 008 | 820430s1969 cg b 101 0 fre | ||
| 010 | _a 82462798 | ||
| 040 |
_aDLC _cDLC _dDLC |
||
| 041 | 0 | _afrenic | |
| 043 | _af-cg--- | ||
| 050 | 0 | 0 |
_aBL2470.Z2 _bS45 1967 |
| 082 | 0 | 0 |
_a299/.6975116 _219 |
| 111 | 2 |
_aSemaine d'études ethno-pastorales, _n3d, _cBandundu, Zaire, _d1967. _941524 |
|
| 245 | 0 | 0 |
_aMort, funerailles, deuil, et culte des ancêtres chez les populations du Kwango/Bas-Kwilu : _brapports et compte rendu de la IIIème Semaine d'études ethno-pastorales, Bandundu, 1967 / _cSemaine d'Etudes Ethno-Patorales bandundu 1967 |
| 260 |
_aBandundu, Congo-Kinshasa : _bCentre D'Etudes Ethnologiques, _cc1967. |
||
| 300 |
_a239 p. ; _c26 cm. |
||
| 490 | 1 |
_aPublications du Centre d'Études Ethnologiques : Série I ; _vv. 3 |
|
| 500 | _aOriginal texts with French translation included in "Le culte des ancêtres chez les yaka" (p. [138]-197) by H. Van Roy. | ||
| 504 | _aIncludes bibliographies and index. | ||
| 650 | 0 |
_aFuneral rites and ceremonies _zCongo (Democratic Republic) _vCongresses. _941525 |
|
| 651 | 0 |
_aCongo (Democratic Republic) _xReligion _vCongresses. _941526 |
|
| 710 | 2 |
_aCeeba. _938719 |
|
| 740 | 0 | _aMort, funerailles, deuil et culte des ancêtres ... | |
| 810 | 2 |
_aCeeba. _tPublications du Centre d'études ethnologiques : _nSérie 1 ; _vv. 3. _941527 |
|
| 906 |
_a7 _bcbc _corignew _d5 _encip _f19 _gy-gencatlg |
||
| 942 |
_2lcc _cMONOGRAPH |
||